Recent dynamics of the Mediterranean Vegetation and landscape

Αποθηκεύτηκε σε:
Λεπτομέρειες βιβλιογραφικής εγγραφής
Άλλοι συγγραφείς: Mazzoleni, Stefano (Επιμελητής έκδοσης)
Μορφή: Βιβλίο
Γλώσσα:English
Δημοσίευση: Hoboken, NJ : John Wiley & Sons, 2004
Θέματα:
Ετικέτες: Προσθήκη ετικέτας
Δεν υπάρχουν, Καταχωρήστε ετικέτα πρώτοι!

MARC

LEADER 00000nam a2200000 i 4500
001 1/93280
008 080905s2004 eng d
020 |a 0-470-09369-2 
035 |l 10099934 
040 |a GR-MY-UA  |b gre  |e aacr 
041 0 |a eng 
082 0 |a 581.7091822  |2 (22) 
245 1 0 |a Recent dynamics of the Mediterranean Vegetation and landscape /  |c editors Stefano Mazzoleni ... [κ.ά.] 
260 |a Hoboken, NJ :   |b John Wiley & Sons,   |c 2004 
300 |a χιω, 306 σ.;  |b εικ., χάρτες;  |c 26 εκ. 
504 |a Βιβλιογραφία: σ. [287]-300 
504 |a Ευρετήριο: σ. [301]-306 
650 0 0 |a Vegetation dynamics  |z Mediterranean Region. 
650 0 0 |a Landscape changes  |z Mediterranean Region. 
700 1 |a Mazzoleni, Stefano.  |4 edt 
852 |a INST  |b LESVOS  |e 20080905  |h 581.7091822 REC  |p 005100043022  |q 005100043022  |t BK  |y 0 
901 |a BIBL1-2008-3 
909 |a Λ  |b 145633 
922 |a 1ΕΛΗ  |b 200801  |c ΕΠΕΑΕΚ2/ΤΓ  |d ΕΛΕΥΘΕΡΟΥΔΑΚΗΣ 
970 |a ΚΑΡΑ  |b ΓΙΑΣΕΜΗ  |z 2008/09/05